| 000 | 00406nam a22001457a 4500 | ||
|---|---|---|---|
| 005 | 20180102094928.0 | ||
| 008 | 180102b xxu||||| |||| 00| 0 eng d | ||
| 040 | _cPK-LaUMT | ||
| 082 |
_aPKAC 322.50954 _bCHI-M |
||
| 100 | _aChibber , M.L, | ||
| 245 |
_aMilitary leadership to prevent military coup/ _cM.L Chibber |
||
| 260 |
_aNew Delhi: _bLancer international _c1986 |
||
| 300 | _a241 p. | ||
| 942 | _cBK | ||
| 999 |
_c101258 _d101258 |
||